Normal view
MARC view
Entry Personal Name
001 - CONTROL NUMBER
- control field: 31888
003 - CONTROL NUMBER IDENTIFIER
- control field: OSt
005 - DATE AND TIME OF LATEST TRANSACTION
- control field: 20220713160235.0
008 - FIXED-LENGTH DATA ELEMENTS
- fixed length control field: 220713|| aca||aabn | a|a d
040 ## - CATALOGING SOURCE
- Original cataloging agency: OSt
- Transcribing agency: OSt
100 ## - HEADING--PERSONAL NAME
- Personal name: Kumar, Vijender
670 ## - SOURCE DATA FOUND
- Source citation: Work cat.: (OSt)518993: Kumar, Vijender , Equal property rights of daughter under Hindu law: A socio-legal study
